Meranie výkonosti v kontexte manažmentu rizika

Riadenie rizika v spojitosti s hodnotením výkonnosti podniku. Riadenie výkonnosti podniku pomocou vybraných modelov. Meranie výkonnosti s využitím bonitných a bankrotných modelov. Hodnotenie ratingu obchodného podniku, výrobného podniku a podniku poskytujúceho služby.

Gespeichert in:
Bibliographische Detailangaben
1. Verfasser: Rybárová, Daniela, 1967-
Weitere Verfasser: Štetka, Peter, 1986-
Format: Buchkapitel
Sprache:Slowakisch
Schlagworte:
Tags: Tag hinzufügen
Keine Tags, Fügen Sie das erste Tag hinzu!

MARC

LEADER 00000nla a2200000 4500
001 0224209
005 20240522132336.9
041 0 |a slo 
044 |a SK 
245 1 0 |a Meranie výkonosti v kontexte manažmentu rizika  |c Daniela Rybárová, Peter Štetka 
520 |a Riadenie rizika v spojitosti s hodnotením výkonnosti podniku. Riadenie výkonnosti podniku pomocou vybraných modelov. Meranie výkonnosti s využitím bonitných a bankrotných modelov. Hodnotenie ratingu obchodného podniku, výrobného podniku a podniku poskytujúceho služby. 
610 2 0 |a riadenie rizík 
610 2 0 |a výkonnosť podniku 
610 2 0 |a bonita 
610 2 0 |a bankrot 
610 2 0 |a modely 
610 2 0 |a rating 
100 1 |a Rybárová, Daniela, 1967- 
700 1 |a Štetka, Peter, 1986-